Catwings return / (Record no. 255)

MARC details
000 -LEADER
fixed length control field 01267nam a22003377a 4500
001 - CONTROL NUMBER
control field 255
003 - CONTROL NUMBER IDENTIFIER
control field FISKH
005 - DATE AND TIME OF LATEST TRANSACTION
control field 20230310163049.0
008 - FIXED-LENGTH DATA ELEMENTS--GENERAL INFORMATION
fixed length control field 230310b cb ||||| |||| 00| 0 eng d
020 ## - INTERNATIONAL STANDARD BOOK NUMBER
International Standard Book Number 9780439551908
040 ## - CATALOGING SOURCE
Original cataloging agency DLC
Transcribing agency DLC
Modifying agency DLC
-- FISKH
Language of cataloging eng
042 ## - AUTHENTICATION CODE
Authentication code lcac
050 00 - LIBRARY OF CONGRESS CALL NUMBER
Classification number PZ7.L5215
Item number Cav 1989
082 00 - DEWEY DECIMAL CLASSIFICATION NUMBER
Classification number 813.54
Edition number 19
100 1# - MAIN ENTRY--PERSONAL NAME
Personal name Le Guin, Ursula K.,
Dates associated with a name 1929-2018.
245 10 - TITLE STATEMENT
Title Catwings return /
Statement of responsibility, etc. Ursula K. Le Guin ; illustrations by S.D. Schindler.
250 ## - EDITION STATEMENT
Edition statement This Orchard paperback edition
Remainder of edition statement October 2006
260 ## - PUBLICATION, DISTRIBUTION, ETC.
Place of publication, distribution, etc. New York
Name of publisher, distributor, etc. Orchard Books
Date of publication, distribution, etc. 1989
300 ## - PHYSICAL DESCRIPTION
Extent 54 p. :
Other physical details col. ill. ;
Dimensions 18 cm.
500 ## - GENERAL NOTE
General note "A Richard Jackson book"--Half t.p.
505 ## - FORMATTED CONTENTS NOTE
Formatted contents note M
520 ## - SUMMARY, ETC.
Summary, etc. Wishing to visit their mother, two winged cats leave their new country home to return to the city, where they discover a winged kitten in a building about to be demolished.
521 8# - TARGET AUDIENCE NOTE
Target audience note 730 <br/><br/>
Source Lexile
521 8# - TARGET AUDIENCE NOTE
Target audience note M<br/>
Source Raz-Plus
650 #0 - SUBJECT ADDED ENTRY--TOPICAL TERM
Topical term or geographic name entry element Cats
Form subdivision Fiction
700 1# - ADDED ENTRY--PERSONAL NAME
Personal name Schindler, S. D.,
Relator term ill.
710 2# - ADDED ENTRY--CORPORATE NAME
Corporate name or jurisdiction name as entry element Juvenile Collection (Library of Congress)
Institution to which field applies DLC
856 42 - ELECTRONIC LOCATION AND ACCESS
Materials specified Contributor biographical information
Uniform Resource Identifier <a href="http://www.loc.gov/catdir/enhancements/fy1301/88017902-b.html">http://www.loc.gov/catdir/enhancements/fy1301/88017902-b.html</a>
906 ## - LOCAL DATA ELEMENT F, LDF (RLIN)
a 7
b cbc
c orignew
d 1
e ocip
f 19
g y-gencatlg
942 ## - ADDED ENTRY ELEMENTS (KOHA)
Source of classification or shelving scheme Dewey Decimal Classification
Koha item type Books
Suppress in OPAC No
Holdings
Withdrawn status Lost status Source of classification or shelving scheme Damaged status Not for loan Collection Home library Current library Shelving location Date acquired Total Checkouts Full call number Barcode Date last seen Price effective from Koha item type
    Dewey Decimal Classification     Juvenile Fiction Footprints International School Library Network Toul Kork Campus Footprints International School Library Network Toul Kork Campus TK Primary Library Room(4th Floor), Bookcase 5&6, Shelves 33-56, Orange Books 03/10/2023   GUI 813.54 PZ7.L5215 FISTK00139 03/10/2023 03/10/2023 Books